President Roosevelt and the coming of the war, 1941; (Record no. 126254)
[ view plain ]
| 000 -LEADER | |
|---|---|
| fixed length control field | 01164cam a22003011 4500 |
| 001 - CONTROL NUMBER | |
| control field | 9757333 |
| 003 - CONTROL NUMBER IDENTIFIER | |
| control field | ARRUPE |
| 005 - DATE AND TIME OF LATEST TRANSACTION | |
| control field | 20170301115204.0 |
| 008 - FIXED-LENGTH DATA ELEMENTS--GENERAL INFORMATION | |
| fixed length control field | 721019s1948 ctu b 000 0 eng |
| 010 ## - LIBRARY OF CONGRESS CONTROL NUMBER | |
| LC control number | 48006253 |
| 035 ## - SYSTEM CONTROL NUMBER | |
| System control number | (OCoLC)466951 |
| 040 ## - CATALOGING SOURCE | |
| Original cataloging agency | DLC |
| Transcribing agency | ODaWU |
| Modifying agency | OCoLC |
| -- | DLC |
| 050 00 - LIBRARY OF CONGRESS CALL NUMBER | |
| Classification number | E806 |
| Item number | .B434 |
| 082 00 - DEWEY DECIMAL CLASSIFICATION NUMBER | |
| Classification number | 327.73 |
| 300 ## - PHYSICAL DESCRIPTION | |
| Dimensions | 24 cm. |
| 100 1# - MAIN ENTRY--PERSONAL NAME | |
| Personal name | Beard, Charles A. |
| Fuller form of name | (Charles Austin), |
| Dates associated with a name | 1874-1948. |
| 9 (RLIN) | 29228 |
| 245 10 - TITLE STATEMENT | |
| Title | President Roosevelt and the coming of the war, 1941; |
| Remainder of title | a study in appearances and realities. |
| Statement of responsibility, etc | Charles A. Berad |
| 260 ## - PUBLICATION, DISTRIBUTION, ETC. (IMPRINT) | |
| Place of publication, distribution, etc | New Haven, |
| Name of publisher, distributor, etc | Yale Univ. Press, |
| Date of publication, distribution, etc | 1948. |
| 300 ## - PHYSICAL DESCRIPTION | |
| Extent | vi, 614 p. |
| 500 ## - GENERAL NOTE | |
| General note | Sequel to the author's American foreign policy in the making, 1932-1940. |
| 504 ## - BIBLIOGRAPHY, ETC. NOTE | |
| Bibliography, etc | Bibliographical footnotes. |
| 600 10 - SUBJECT ADDED ENTRY--PERSONAL NAME | |
| Personal name | Roosevelt, Franklin D. |
| Fuller form of name | (Franklin Delano), |
| Dates associated with a name | 1882-1945. |
| 9 (RLIN) | 4149 |
| 650 #0 - SUBJECT ADDED ENTRY--TOPICAL TERM | |
| Topical term or geographic name as entry element | World War, 1939-1945 |
| Geographic subdivision | United States. |
| 9 (RLIN) | 29229 |
| 651 #0 - SUBJECT ADDED ENTRY--GEOGRAPHIC NAME | |
| Geographic name | United States |
| General subdivision | Foreign relations |
| Chronological subdivision | 1933-1945. |
| 9 (RLIN) | 29230 |
| 906 ## - LOCAL DATA ELEMENT F, LDF (RLIN) | |
| a | 7 |
| b | cbc |
| c | oclcrpl |
| d | u |
| e | ncip |
| f | 19 |
| g | y-gencatlg |
| 942 ## - ADDED ENTRY ELEMENTS (KOHA) | |
| Source of classification or shelving scheme | Library of Congress Classification |
| Koha item type | Monograph ( Printed materials) |
| Withdrawn status | Lost status | Source of classification or shelving scheme | Damaged status | Not for loan | Collection code | Home library | Current library | Shelving location | Date acquired | Total Checkouts | Full call number | Barcode | Date last seen | Price effective from | Koha item type |
|---|---|---|---|---|---|---|---|---|---|---|---|---|---|---|---|
| Library of Congress Classification | Main Collection | ARRUPE LIBRARY | ARRUPE LIBRARY | Main Collection | 01/03/2017 | E806 .B434 | 46500025640 | 13/12/2017 | 01/03/2017 | Monograph ( Printed materials) |